Obce okresu Žďár nad Sázavou - Statistics

General Stats
  • This quiz has been taken 122 times
  • The average score is 88 of 174
Answer Stats
Počet obyvatel Odpověď % Correct
20 525 Žďár nad Sázavou
100%
9 904 Nové Město na Moravě
92%
7 896 Bystřice nad Pernštejnem
88%
1 802 Křižanov
84%
669 Sázava
84%
11 627 Velké Meziříčí
80%
1 594 Hamry nad Sázavou
76%
1 012 Ostrov nad Oslavou
76%
1 418 Svratka
76%
5 574 Velká Bíteš
76%
323 Vatín
72%
1 338 Herálec
68%
1 207 Jimramov
68%
226 Lhotka
68%
961 Osová Bítýška
68%
332 Radňovice
68%
751 Sněžné
68%
583 Dolní Rožínka
64%
78 Horní Rožínka
64%
101 Sklené
64%
695 Vír
64%
285 Vlkov
64%
192 Březí
60%
669 Dalečín
60%
190 Kozlov
60%
374 Křídla
60%
2 010 Měřín
60%
678 Moravec
60%
1 375 Nové Veselí
60%
345 Ořechov
60%
748 Oslavice
60%
333 Pikárec
60%
154 Radostín
60%
251 Sklené nad Oslavou
60%
713 Štěpánov nad Svratkou
60%
145 Tři Studně
60%
456 Vídeň
60%
199 Vysoké
60%
534 Zubří
60%
889 Bobrová
56%
275 Bohdalec
56%
779 Bory
56%
185 Březské
56%
179 Býšovec
56%
326 Fryšava pod Žákovou horou
56%
222 Heřmanov
56%
679 Jámy
56%
462 Martinice
56%
47 Milasín
56%
74 Milešín
56%
49 Moravecké Pavlovice
56%
371 Netín
56%
958 Nížkov
56%
156 Nová Ves
56%
132 Oslavička
56%
98 Osové
56%
805 Polnička
56%
127 Radešín
56%
618 Radešínská Svratka
56%
101 Radňoves
56%
935 Radostín nad Oslavou
56%
811 Rožná
56%
284 Sazomín
56%
835 Strážek
56%
332 Věchnov
56%
231 Věžná
56%
672 Zvole
56%
250 Bobrůvka
52%
1 180 Bohdalov
52%
283 Březí nad Oslavou
52%
197 Bukov
52%
257 Dlouhé
52%
389 Dobrá Voda
52%
137 Dolní Libochová
52%
198 Horní Libochová
52%
291 Jíloví
52%
255 Koroužné
52%
119 Krásné
52%
654 Křoví
52%
351 Lísek
52%
272 Malá Losenice
52%
670 Nová Ves u Nového Města na Moravě
52%
250 Nové Sady
52%
175 Nyklovice
52%
442 Obytčov
52%
197 Písečné
52%
167 Radkov
52%
465 Řečice
52%
109 Rodkov
52%
611 Rovečné
52%
197 Unčín
52%
1 212 Velká Losenice
52%
102 Velké Tresné
52%
169 Věstín
52%
173 Vidonín
52%
284 Záblatí
52%
214 Znětínek
52%
178 Budeč
48%
161 Chlumek
48%
38 Chlum-Korouhvice
48%
100 Horní Radslavice
48%
161 Kadolec
48%
285 Krásněves
48%
51 Kyjov
48%
684 Lavičky
48%
178 Meziříčko
48%
325 Nové Dvory
48%
60 Nový Jimramov
48%
343 Pavlov
48%
95 Podolí
48%
143 Račín
48%
170 Radenice
48%
90 Rozseč
48%
668 Rozsochy
48%
233 Rudolec
48%
174 Sejřek
48%
101 Střítež
48%
88 Ubušínek
48%
473 Ujčov
48%
441 Vepřová
48%
795 Vojnův Městec
48%
236 Ždánice
48%
302 Bohuňov
44%
178 Borovnice
44%
224 Chlumětín
44%
161 Kadov
44%
162 Kněževes
44%
112 Kotlasy
44%
391 Křižánky
44%
175 Kundratice
44%
49 Líšná
44%
333 Otín
44%
274 Pavlínov
44%
234 Počítky
44%
264 Poděšín
44%
143 Pokojov
44%
360 Prosetín
44%
46 Račice
44%
112 Rousměrov
44%
414 Ruda
44%
714 Škrdlovice
44%
456 Světnov
44%
278 Újezd
44%
703 Věcov
44%
159 Březejc
40%
311 Černá
40%
99 Javorek
40%
151 Skřinářov
40%
571 Dolní Heřmanice
36%
341 Jabloňov
36%
198 Matějov
36%
305 Petráveč
36%
45 Rosička
36%
141 Velké Janovice
36%
274 Blažkov
32%
342 Blízkov
32%
106 Cikháj
32%
269 Sirákov
32%
126 Skorotice
32%
33 Spělkov
32%
128 Baliny
28%
615 Stránecká Zhoř
28%
165 Zadní Zhořec
28%
682 Tasov
24%
196 Kuklík
20%
128 Mirošov
20%
125 Strachujov
20%
132 Vlachovice
20%
117 Karlov
16%
116 Sviny
16%
385 Uhřínov
16%
159 Sulkovec
12%
173 Daňkovice
8%
161 Hodíškov
4%
No matching quizzes found
Score Distribution
Percent of People with Each Score
Percentile by Number Answered
Your Score History
You have not taken this quiz